000 00518nam a22001577a 4500
005 20260227112833.0
008 260227b |||||||| |||| 00| 0 eng d
041 _aeng
082 _a016.50954 RAH-S
100 _aRAHMAN, A.ALVI ,M.A KHAN GHORIAND MURTHY,SAMBA,K.V
_98870
245 _aSCIENCE AND TECHNOLOGY IN MEDIEVAL INDIA - A BIBLIOGRAPHY OF SOURCE MATERIALS IN SANSKRIT, ARABIC AND PERSIAN
260 _aNEW DELHI
_bINDIAN NATINOAL SCIENCE ACADEMY
_c1982
300 _a719;P
650 _aBGP
_98859
942 _cBK
999 _c9045
_d9043